00459 2200169 4500001002100000008004100021035002000062245005700082100002000139260004300159300002000202020002200222084001400244082000800258650001000266990001300276INLIS000000000000038 ind  a0010-0226000038 aCerita rakyat Banten dan JakartacTuti A. Windri dkk aWindri, A. Tuti aJakarta :bSinar Cemerlang Abadic2010 a59 hlm.c21 cm. a978-979-021-002-8 aFIC TUT k aFIC aFiksi aP/2516/1